[Event "Israeli Open Championship 2019"]
[Site "Jerusalem"]
[Date "2019.12.20"]
[Round "8.9"]
[White "Gorodetzky, Matan"]
[Black "Gruzman, Ilya"]
[Result "1-0"]
[WhiteElo "2284"]
[BlackElo "1889"]
[Annotator "TA"]
[PlyCount "117"]
[EventDate "2019.12.12"]
[EventType "swiss"]
[EventCountry "ISR"]
[SourceTitle "playchess.com"]
[Source "ChessBase"]
[SourceQuality "1"]

{[%evp 29,117,41,48,26,66,74,69,68,79,41,37,8,10,10,19,21,29,46,41,13,172,182,189,197,236,222,252,261,255,163,156,145,150,115,106,103,235,239,287,287,350,332,505,500,503,478,521,521,562,507,507,507,501,507,500,473,500,410,679,628,1024,772,1818,1762,2382,2181,29970,29971,29970,29971,29971,29974,29974,29975,29972,29968,29978,29979,29979,11589,29982,29981,29981,29982,29982,29983,29983,29983,29987,29988]} 1. e4 c5 2. Nf3 g6 3. c4 Nc6 4. d4 cxd4 5. Nxd4 Nf6 6. Nc3 d6 7. f3 Nxd4 8. Qxd4 Bg7 9. Be3 O-O 10. Qd2 Be6 11. Rc1 Qa5 12. Be2 Rfc8 13. b3 a6 14. Na4 Qxd2+ 15. Kxd2 Nd7 16. f4 {B36: Sicilian: Maroczy Bind: Gurgenidze System} (16. g4 Kf8 17. h3 Rcb8 18. c5 dxc5 19. Nxc5 Nxc5 20. Rxc5 Rd8+ {½-½ (20) Parligras,M (2629)-Istratescu,A (2556) Mamaia 2019}) 16... f5 17. exf5 gxf5 18. Bf3 {White is slightly better.} Rc7 19. Rhe1 {[#] Strongly threatening Bb6.} Bf7 20. c5 $146 (20. Red1 {keeps more tension.} e5 21. Ke1 exf4 22. Bxf4 Be5 23. g3) ({Predecessor:} 20. Nb6 Nxb6 21. Bxb6 Rd7 22. g4 Bh6 23. Be3 d5 24. cxd5 Bxd5 {½-½ (39) Bernadskiy,V (2438)-Smith,A (2448) Lvov 2010}) 20... dxc5 21. Nxc5 Nxc5 22. Rxc5 Rxc5 23. Bxc5 Rd8+ $1 24. Ke2 Rd7 $2 {[#]} (24... Rc8 $11 {and Black is okay.} 25. Bxe7 Rc2+ 26. Ke3 Rxa2) 25. Rd1 $1 $18 {[%cal Rd1d7]} Rc7 26. Bb6 Rc2+ 27. Rd2 Rxd2+ 28. Kxd2 {[%mdl 4096] Endgame KBB-KBB} Bh6 29. Ke3 e5 30. g3 e4 31. Bd1 Be6 32. g4 Kf7 (32... fxg4 $16 33. Kxe4 Bd7) 33. gxf5 Bxf5 {intending ...Ke6.} 34. Bc2 Bf8 35. Bxe4 Bxe4 (35... Kf6 $142 36. Bxb7 Ba3 37. Bd4+ Ke7 38. Bxa6 Bc1+ 39. Kf3 Ba3) 36. Kxe4 {KB-KB} Bd6 37. h3 Be7 38. Ke5 Bb4 39. Bd8 Ke8 40. Bc7 Kd7 41. Bb8 Ke7 42. a4 Kf7 43. Bd6 Be1 (43... Ba5 $142 44. Kf5 Bd8) 44. Bc5 Bd2 45. f5 Bg5 46. b4 Bd8 47. Kd6 b6 48. Bd4 Be7+ 49. Kc6 Bxb4 50. Kxb6 a5 51. Kb5 Be1 52. Bb6 Kf6 53. Bxa5 Bf2 54. Bb6 (54. Bd8+ $142 Kxf5 55. a5 Bg3 56. a6 Bb8 57. Kb6 Bf4 58. Kb7 Be3 59. Bb6 Bxb6 60. Kxb6) 54... Bg3 55. Bd8+ {White mates.} Kxf5 56. a5 {[%cal Ba4a5,Ba5a6][%mdl 32]} Bb8 57. Kb6 Be5 58. a6 Kf4 59. Bc7 {Accuracy: White = 74%, Black = 23%.} 1-0

[Event "Israeli Open Championship 2019"]
[Site "Jerusalem"]
[Date "2019.12.20"]
[Round "8.10"]
[White "Cohen Revivo, Shoham"]
[Black "Uritsky, Yonathan"]
[Result "1-0"]
[WhiteElo "2261"]
[BlackElo "1881"]
[Annotator "TA"]
[PlyCount "61"]
[EventDate "2019.12.12"]
[EventType "swiss"]
[EventCountry "ISR"]
[SourceTitle "playchess.com"]
[Source "ChessBase"]
[SourceQuality "1"]

{[%evp 9,65,-25,109,55,50,58,194,105,86,98,193,179,135,62,81,59,80,39,54,49,42,30,55,27,68,60,77,70,73,73,66,60,67,64,61,46,162,156,197,189,295,295,287,283,464,464,474,461,492,492,554,556,529,470,664,638,691,674]} 1. e4 c5 2. b3 g6 3. Bb2 Nf6 4. e5 Nd5 5. Qf3 Nb6 (5... Nb4 $11 6. Na3 Bg7) 6. h4 {B20: Sicilian: Unusual White 2nd moves} (6. a4 $16) 6... Bg7 $146 ({Predecessor:} 6... e6 7. h5 Bg7 8. h6 Bf8 9. Nc3 Be7 10. Ne4 {1-0 (27) Morozevich,A (2683)-Moskalenko,A (2490) Moscow 2016}) 7. h5 {Hoping for h6.} Qc7 ({Better is} 7... d5 $14) 8. Qg3 (8. hxg6 $18 fxg6 9. Qg3) 8... Nc6 $16 9. Nf3 Rg8 (9... O-O $16 {is a better defense.}) 10. hxg6 $18 hxg6 11. Na3 (11. a4 $16) 11... d5 12. exd6 Qxd6 13. Bxg7 Qxg3 14. fxg3 {[#] Strongly threatening Bb2.} Rxg7 15. Rh8+ Kd7 16. O-O-O e5 17. Bb5 $36 {[%mdl 2048] White is more active.} f6 18. d3 Ke7 19. Bxc6 bxc6 20. Rdh1 Be6 21. Rxa8 Nxa8 22. Rh8 Rg8 (22... Nb6 $14) 23. Rh7+ Bf7 24. Nc4 Ke6 {[#]} (24... Kf8 $142 25. Na5 Rg7) 25. Ncxe5 $1 {[%mdl 576] Deflection} fxe5 26. Ng5+ {[%mdl 64] Double Attack} Kf5 $2 (26... Kf6 {might work better.}) 27. Nxf7 {[%mdl 4096] Endgame Nh6+ is the strong threat. KRN-KRN. White is clearly winning.} Rf8 28. Nd6+ {[%mdl 64] Discovered Attack} Kg4 29. Ne4 Rf1+ 30. Kb2 Nb6 31. Rxa7 {Played: Rh7-g7} 1-0

[Event "Israeli Open Championship 2019"]
[Site "Jerusalem"]
[Date "2019.12.20"]
[Round "8.11"]
[White "Kuritz, Zvi"]
[Black "Nissim, Yonatan"]
[Result "0-1"]
[WhiteElo "1907"]
[BlackElo "2040"]
[Annotator "NA RC"]
[PlyCount "94"]
[EventDate "2019.12.12"]
[EventType "swiss"]
[EventCountry "ISR"]
[SourceTitle "playchess.com"]
[Source "ChessBase"]
[SourceQuality "1"]
[TimeControl "5400+30"]

{[%evp 8,93,27,24,32,17,40,-56,-43,-77,-64,-76,-85,-86,-81,-126,-102,-87,-85,6,-89,15,-110,-141,-124,-122,32767,32767,32767,-147,32767,-125,-111,-115,2,12,147,143,144,143,32767,84,90,32767,90,32767,32767,32767,32767,32767,32767,0,32767,32767,32767,0,-10,-21,-18,-491,-18,-379,-517,-522,-557,-588,32767,-742,-172,-962,-1257,32767,32767,32767,-1642,-1419,-1675,-1441,-2572,-1866,32767,32767,-5527,32767,32767,32767,-476,-29990]} 1. e4 {[%emt 0:00:00]} c5 {[%emt 0:00:00]} 2. Nc3 {[%emt 0:00:00]} g6 {[%emt 0:00:10]} 3. f4 {[%emt 0:00:00]} Bg7 {[%emt 0:00:29]} 4. Nf3 {[%emt 0:00:11]} Nc6 {[%emt 0:00:11]} 5. d3 {[%emt 0:04:17]} e6 {[%emt 0:04:12]} 6. e5 {[%emt 0:03:46] B23: Closed Sicilian: Lines without g3} (6. g3 Nge7 7. Bg2 f5 8. O-O d5 9. e5 Qd7 10. d4 cxd4 11. Ne2 b6 12. Nexd4 Ba6 13. Rf2 O-O 14. Be3 Rfd8 15. Rd2 Rac8 16. Bh3 h5 17. Bg2 Nxd4 18. Nxd4 Nc6 19. Nxc6 Qxc6 20. c3 Bf8 21. Bd4 Be7 22. Qf3 {½-½ (22) Gelashvili,T (2547)-Anastasian,A (2591) Dubai 2002}) 6... d6 {[%emt 0:02:31]} 7. exd6 {[%emt 0:06:42]} Qxd6 {[%emt 0:00:17]} 8. Be3 {[%emt 0:00:40]} b6 {[%emt 0:02:55]} 9. Be2 $146 {[%emt 0:14:52]} ({Predecessor:} 9. Ne4 Qd7 10. c3 f5 11. Nf2 Nge7 12. Qd2 e5 13. fxe5 Nxe5 14. Nxe5 Bxe5 {½-½ (29) Budzinski,J (1846)-Musialkiewicz,J (2115) Chotowa 2009}) 9... Nge7 {[%emt 0:00:43]} 10. O-O {[%emt 0:04:41]} O-O {[%emt 0:04:18]} 11. Nd2 {[%emt 0:07:28]} Nf5 {[%emt 0:12:22]} 12. Nc4 {[%emt 0:03:17]} Nxe3 {[%emt 0:02:32]} 13. Nxd6 {[%emt 0:02:39]} Nxd1 {[%emt 0:00:07]} 14. Raxd1 {[%emt 0:00:26]} Nd4 {[%emt 0:00:28]} 15. Nxc8 {[%emt 0:02:08]} Raxc8 {[%emt 0:00:53]} 16. Rd2 {[%emt 0:00:59]} c4 {[%emt 0:07:40]} 17. Bd1 {[%emt 0:03:33]} Rfd8 {[%emt 0:01:38]} 18. Ne4 {[%emt 0:05:28]} e5 {[%emt 0:03:36]} 19. dxc4 {[%emt 0:09:38]} (19. fxe5 $11 Bh6 20. c3) 19... f5 {[%emt 0:12:43]} 20. Ng5 {[%emt 0:03:50]} e4 {[%emt 0:00:42]} ({Don't blunder} 20... Rxc4 $2 21. c3 $18) (20... h6 $17 21. c3 hxg5 22. cxd4 gxf4) 21. c3 {[%emt 0:00:54]} e3 {[%emt 0:02:16]} (21... h6 $11 {keeps the balance.} 22. Nxe4 fxe4 23. cxd4 Bxd4+ 24. Kh1 Kg7) 22. Rxd4 {[%emt 0:00:49]} Bxd4 {[%emt 0:00:20]} 23. cxd4 {[%emt 0:00:15]} Rxd4 {[%emt 0:00:16]} 24. b3 {[%emt 0:01:46]} (24. Re1 $142) 24... h6 {[%emt 0:05:39]} 25. Nf3 {[%emt 0:02:24]} Rxf4 {[%emt 0:01:06]} 26. Bc2 {[%emt 0:01:16]} Re8 {[%emt 0:02:40]} 27. Re1 {[%emt 0:02:29]} g5 {[%emt 0:00:30]} 28. Re2 {[%emt 0:01:32]} Kf7 {[%emt 0:02:08]} 29. Ne1 {[%emt 0:01:00]} Kf6 {[%emt 0:01:09]} 30. g3 {[%emt 0:00:27]} Rd4 {[%emt 0:00:55]} 31. h3 {[%emt 0:01:22]} f4 {[%emt 0:05:10]} 32. gxf4 {[%emt 0:02:36]} gxf4 {[%emt 0:00:05]} 33. Kf1 $2 {[%emt 0:03:27] [#]} (33. Nf3 $15 Rg8+ 34. Rg2) 33... Rg8 $2 {[%emt 0:00:38]} (33... f3 $1 $19 {[%cal Rf3e2][%mdl 512]} 34. Nxf3 Rf4) 34. Rg2 $2 {[%emt 0:01:19]} (34. Nf3 $15 Rd7 35. Be4) 34... Rxg2 {[%emt 0:01:01]} 35. Kxg2 {[%emt 0:01:06]} Rd2+ {[%emt 0:00:30]} 36. Kf3 {[%emt 0:00:10]} Ke5 {[%emt 0:00:24]} 37. Bd3 {[%emt 0:02:26]} Rf2+ {[%emt 0:02:33]} 38. Kg4 {[%emt 0:00:10]} Kd4 {[%emt 0:01:29]} 39. c5 {[%emt 0:00:49]} bxc5 {[%emt 0:00:12]} 40. Bc4 {[%emt 0:00:14]} e2 {[%emt 0:03:01]} 41. Nf3+ {[%emt 0:02:42] [#]} Rxf3 $1 {[%emt 0:00:37] Promotion} 42. Bxe2 {[%emt 0:00:21]} Rf2 {[%emt 0:00:07]} 43. Bc4 {[%emt 0:00:23]} Ke3 {[%emt 0:00:24]} 44. a4 {[%emt 0:00:14]} f3 $19 {[%emt 0:00:32]} 45. h4 {[%emt 0:00:20]} Re2 {[%emt 0:01:00]} 46. Kg3 {[%emt 0:00:27]} Rg2+ {[%emt 0:00:11]} 47. Kh3 {[%emt 0:00:08]} Rg7 {[%emt 0:00:31]} 0-1

[Event "Israeli Open Championship 2019"]
[Site "Jerusalem"]
[Date "2019.12.20"]
[Round "8.12"]
[White "Sokolovsky, Yahli"]
[Black "Birnboim, Nathan"]
[Result "1-0"]
[WhiteElo "2045"]
[BlackElo "2393"]
[Annotator "TA"]
[PlyCount "95"]
[EventDate "2019.12.12"]
[EventType "swiss"]
[EventCountry "ISR"]
[SourceTitle "playchess.com"]
[Source "ChessBase"]
[SourceQuality "1"]

{[%evp 22,95,19,11,11,9,15,10,8,1,9,12,7,0,0,-2,0,-10,38,36,34,43,35,29,70,59,68,59,50,48,105,93,124,66,65,63,66,68,68,26,28,36,57,12,16,0,84,22,60,48,60,72,72,39,88,88,88,88,75,79,113,113,113,113,136,134,252,230,229,210,298,300,434,386,270,259]} 1. e4 c5 2. Nf3 e6 3. d4 cxd4 4. Nxd4 Nf6 5. Nc3 Nc6 6. Ndb5 d6 7. Bf4 e5 8. Bg5 a6 9. Na3 b5 10. Nd5 Be7 11. Bxf6 Bxf6 12. c4 b4 {B33: Sicilian: Pelikan and Sveshnikov Variations} 13. Nc2 O-O 14. g3 a5 {The position is equal.} (14... Be6 15. Bg2 Bxd5 16. cxd5 Nd4 17. O-O Nxc2 18. Qxc2 Bg5 19. h4 Bh6 20. a3 {½-½ (32) Jakovenko,D (2719)-Giri,A (2797) Shenzhen 2019}) 15. Bg2 Bg5 16. O-O Ne7 17. Nce3 Bxe3 18. Nxe3 Be6 19. Qd3 Qb6 20. Nf5 {[#]} Ra7 $146 ({Predecessor (3):} 20... Bxf5 21. exf5 Rac8 {1-0 (53) Movsesian,S (2695)-Popov,I (2594) Dagomys 2008}) 21. Qxd6 (21. Nxd6 Rd7 $17) 21... Qxd6 22. Nxd6 Rd7 23. c5 Nc8 24. Nf5 Rd2 25. b3 a4 ({Black should play} 25... g6 $14) 26. Ne3 Ne7 27. Rfd1 (27. bxa4 $16 Bxa2 28. Rfd1) 27... Rxd1+ $14 28. Rxd1 axb3 29. axb3 Ra8 30. Nd5 Nc6 31. Bf1 h6 32. Bc4 {And now Nc7 would win.} Ra5 33. f4 {[#] Strongly threatening f5.} (33. Ne3 {looks sharper.} Rxc5 34. Bxe6 fxe6 35. Rd6 Kf7 36. Rd7+) 33... Bh3 (33... Rxc5 $11 34. f5 Bxd5 35. Rxd5 Rxd5 36. Bxd5 (36. exd5 Nd8 $17) 36... Na7) 34. fxe5 (34. Kf2 $16) 34... Nxe5 {Threatens to win with ...Ra2.} 35. Nxb4 Nxc4 36. bxc4 Rxc5 $16 {[%mdl 4096] Endgame KRB-KRN} 37. Rc1 Be6 38. Nd5 f5 {[#]} 39. Ne7+ $1 Kf7 40. Nxf5 Bxf5 41. exf5 {KR-KR} Kf6 42. Kf2 Rxf5+ 43. Ke3 Ke5 (43... Ke7 $16 {might work better.} 44. Ra1 Re5+ 45. Kd3 Rf5) 44. Ra1 $18 {Ra5+ is the strong threat.} Rf7 45. Ra5+ Kd6 (45... Ke6 $142 46. h3 Rf1) 46. Kd4 {Hoping for Ra6+.} Kc6 (46... Rf2 $142 47. c5+ Ke6) 47. Ra6+ Kb7 48. Rg6 {Accuracy: White = 58%, Black = 47%.} 1-0

[Event "Israeli Open Championship 2019"]
[Site "Jerusalem"]
[Date "2019.12.20"]
[Round "8.13"]
[White "Shtemler, Lavi"]
[Black "Tsirilman, Guy"]
[Result "1-0"]
[WhiteElo "2181"]
[BlackElo "1975"]
[Annotator "TA"]
[PlyCount "121"]
[EventDate "2019.12.12"]
[EventType "swiss"]
[EventCountry "ISR"]
[SourceTitle "playchess.com"]
[Source "ChessBase"]
[SourceQuality "1"]

{[%evp 16,121,24,12,26,33,31,19,23,10,27,17,27,8,20,15,14,8,64,66,96,92,91,94,93,77,95,78,110,104,110,108,103,101,113,102,142,116,129,113,175,175,175,175,186,177,202,140,161,152,157,140,173,105,155,91,107,97,151,155,223,205,202,212,254,243,302,294,294,202,279,201,607,604,700,687,773,758,741,708,887,0,145,120,282,120,187,186,187,182,174,148,264,247,500,493,492,439,505,504,477,495,654,647,636,620,1083,1060]} 1. g3 Nf6 2. Bg2 g6 3. e4 d6 4. Ne2 Bg7 5. O-O O-O 6. c4 c5 7. Nbc3 Nc6 8. d3 Ne8 9. f4 f5 {A36: Symmetrical English vs ...g6: 4 Bg2 Bg7} 10. Rb1 Nc7 11. a3 a5 {[%cal Ba7a5,Ba5a4][%mdl 32] The position is equal.} 12. Nd5 (12. Be3 Ne6 13. Nd5 Ned4 14. exf5 Bxf5 15. Bf2 Bg4 16. Ndc3 Nxe2+ 17. Nxe2 {0-1 (37) Iordachescu,V (2553)-Fedorov,A (2617) playchess.com INT 2006}) 12... Nxd5 $146 ({Predecessor:} 12... Na6 13. Nec3 Nd4 14. Ne3 Rb8 15. h4 Bd7 16. h5 e6 17. hxg6 hxg6 {0-1 (32) Weiss,C (2386)-Egger Mancilla,J (2433) Istanbul 2000}) 13. exd5 Nd4 14. Be3 a4 15. Nxd4 cxd4 16. Bf2 Qa5 (16... b5 $11) 17. Qe2 $14 Bf6 18. b4 axb3 19. Rxb3 Qc5 20. Qb2 Ra5 21. Ra1 Rd8 22. Be1 Ra4 23. Rb5 Qa7 24. Bf3 Rd7 25. g4 $36 {[%mdl 2048] White is really pushing.} Rc7 26. g5 Bg7 27. Bf2 Ra6 (27... Bd7 $16) 28. h4 $18 Bd7 29. Rb4 Be8 30. Kg2 Kf8 31. Kg3 Kg8 32. Bg2 Kf8 33. Bh3 Bd7 34. Be1 (34. h5 $18) 34... Kf7 {[#]} 35. Bd2 (35. h5 $142 $1 {[%mdl 512]}) 35... Kf8 36. Bc1 Kf7 {[#]} (36... Ra4 $142) 37. h5 $1 {[%mdl 512]} Kf8 (37... gxh5 $16 38. Qe2 Qa8) 38. Rb1 Bc8 39. Bg2 Kf7 40. Bf3 Kf8 41. Qh2 Bd7 42. R4b3 Kf7 43. Bb2 Kg8 $2 (43... Kf8 44. Rh1 Rb6 45. Rxb6 Qxb6) 44. hxg6 hxg6 45. Rh1 Be8 46. Qh7+ Kf8 {[#]} 47. Rh6 $1 {[%mdl 512]} Qb8 (47... Bxh6 48. Qh8+) 48. Rh1 $2 (48. Qxg7+ $18 Kxg7 49. Bxd4+ Kg8 50. Rh8+ Kf7 51. Rh7+ Kf8 52. Rh8+ Kf7 53. Rb2 $1 {[%mdl 512]}) 48... Bf7 (48... Qa7 $1 $11 {keeps the balance.}) 49. Qh2 Bg8 $2 (49... Qa7 $16 {is a better defense.} 50. Qf2 Bg8) 50. Rb1 (50. Qf2 $18 {and White stays clearly on top.}) 50... Qa7 {[#]} (50... Bf7 $16 {was worth a try.} 51. Rh1 Bg8) 51. Bc1 $1 Qa8 {[#]} 52. Qb2 $1 Ra7 53. Bd2 Ke8 (53... Bf7 $16 54. Rh1 Ra4) 54. Be1 Kd8 $2 (54... Kf8 {might work better.} 55. Bf2 Ra4 56. Bxd4 Bxd4 57. Qxd4 Rxa3 58. Rxa3 Qxa3) 55. Bf2 {White is clearly winning.} Kd7 56. Ra1 Bf7 57. Bxd4 Bxd4 58. Qxd4 Ra6 59. Qb2 Ra7 60. Rh1 Qg8 61. Rh8 {Accuracy: White = 74%, Black = 22%.} 1-0

[Event "Israeli Open Championship 2019"]
[Site "Jerusalem"]
[Date "2019.12.20"]
[Round "8.14"]
[White "Zalkind, Konstantin"]
[Black "Levin, Natan"]
[Result "1-0"]
[WhiteElo "2162"]
[BlackElo "1807"]
[Annotator "TA"]
[PlyCount "88"]
[EventDate "2019.12.12"]
[EventType "swiss"]
[EventCountry "ISR"]
[SourceTitle "playchess.com"]
[Source "ChessBase"]
[SourceQuality "1"]

{[%evp 9,88,47,66,57,75,64,100,77,91,77,112,108,120,112,129,91,89,93,102,99,127,83,198,204,217,234,230,96,79,66,66,69,152,142,140,125,180,146,192,176,169,172,200,212,373,327,275,273,257,203,195,187,179,170,158,157,161,160,154,72,381,331,426,423,423,411,640,629,708,722,704,696,1055,1007,953,926,5397,798,5477,964,6331]} 1. d4 Nf6 2. c4 b6 3. f3 d6 (3... Bb7 4. e4 e6 5. Nc3 d5 6. cxd5 exd5 7. e5 Nfd7 8. f4 c5 9. Nf3 Nc6 10. Be3 cxd4 11. Nxd4 Bc5 12. Bb5 Nxd4 13. Bxd4 {1-0 (33) Matlakov,M (2700)-Mamedyarov,S (2817) St Petersburg 2018}) 4. e4 Nbd7 5. Nc3 g6 6. Be3 {A50: Queen's Fianchetto Defence (1 d4 Nf6 2 c4 b6)} c5 7. d5 $146 ({Predecessor:} 7. Qd2 Bg7 8. Nge2 O-O 9. Rd1 cxd4 10. Nxd4 Bb7 11. Be2 Ne5 12. O-O Qd7 {½-½ (43) Werner,H (2036)-Hasenclever,L (1481) Leipzig 2006}) 7... a6 8. a4 {White is better.} Bg7 9. Nh3 h6 10. Be2 Ne5 11. Nf2 Rb8 12. O-O g5 13. Qd2 Ng6 14. Nd3 Bd7 15. g3 b5 (15... Nh7 $16) 16. axb5 axb5 17. cxb5 ({Resist} 17. Nxb5 $6 g4 $16) 17... O-O {[#]} 18. Nf2 (18. b4 $1 $18) 18... Ne8 $16 19. f4 Nc7 $1 {[%cal Rc7b5]} 20. fxg5 h5 ({Black should try} 20... hxg5 $14 21. b6 (21. Bxg5 Nxb5 22. Nxb5 Bxb5 $14) 21... Rxb6) 21. Bxh5 Nxb5 22. Nd3 Nd4 (22... Qc8 $16 23. Bd1 Bh3) 23. Rab1 Bh3 24. Rf2 Ne5 25. Nxe5 Bxe5 26. Ne2 Rb4 $2 (26... Nxe2+ 27. Qxe2 Qc8) 27. Nxd4 cxd4 28. Qxb4 dxe3 29. Re2 e6 30. Rbe1 Qxg5 31. Bf3 Qf6 32. Bg2 Bg4 33. Rxe3 Bd4 {[#]} 34. Kh1 ({Stronger than} 34. Qxd6 Rc8 $11) (34. e5 $142 $1 dxe5 (34... Bxe5 35. Qxg4+) 35. Kh1) 34... e5 $2 {[%mdl 8192]} (34... Bxe3 $16 {is tougher.} 35. Rxe3 Qf2) 35. Rd3 Bc5 36. Qd2 Qg7 37. Rf1 f5 (37... Rb8 $142 38. Qc2 Rc8) 38. exf5 $18 {White is clearly winning.} Rxf5 39. Rxf5 Bxf5 40. Rf3 Bg6 41. Qg5 Kh7 42. Qh4+ Kg8 43. Rf1 Bd3 44. Ra1 Qf7 {Accuracy: White = 52%, Black = 27%.} 1-0

[Event "Israeli Open Championship 2019"]
[Site "Jerusalem"]
[Date "2019.12.20"]
[Round "8.15"]
[White "Golberg, Igor"]
[Black "Bulkovstein, David"]
[Result "1/2-1/2"]
[WhiteElo "2156"]
[BlackElo "1889"]
[Annotator "TA"]
[PlyCount "58"]
[EventDate "2019.12.12"]
[EventType "swiss"]
[EventCountry "ISR"]
[SourceTitle "playchess.com"]
[Source "ChessBase"]
[SourceQuality "1"]

{[%evp 9,58,29,34,29,100,95,81,93,139,141,137,113,94,77,168,182,167,178,165,168,183,176,182,175,165,55,79,58,66,49,48,44,45,48,46,7,2,6,7,0,0,0,0,-12,-11,-11,-14,-7,-7,-11,-12]} 1. Nf3 f5 2. d3 d6 3. e4 e5 4. Nc3 c5 (4... Be7 5. d4 fxe4 6. Nxe4 d5 7. Neg5 exd4 8. Bd3 Qd6 9. Nxd4 c5 10. Nb5 Qe5+ 11. Be3 Na6 12. O-O {1-0 (36) Svidler,P (2751)-Bu,X (2710) Tbilisi 2017}) 5. g3 Nc6 6. Nh4 {A04: Unusual lines after 1 Nf3 and King's Indian Attack} Nf6 $146 (6... fxe4 $11 {keeps the balance.} 7. dxe4 Be6) ({Predecessor:} 6... f4 7. Ng2 fxg3 8. hxg3 g6 9. Ne3 Bg7 10. Ned5 Nf6 11. Bg5 Nd4 12. Bg2 {0-1 (35) Anuj,S (2345)-Predke,A (2615) Taleigao 2018}) 7. Nxf5 $16 Bxf5 8. exf5 {White is better.} Nd4 9. Bg2 Qd7 10. g4 O-O-O 11. h3 Rg8 (11... h5 $16 {keeps fighting.}) 12. Nd5 $18 Qf7 13. c3 Nxd5 14. cxd4 {[#] And now Qb3 would win.} Nf4 15. Bxf4 $1 exf4 16. O-O g6 17. Qa4 (17. f6 $18) 17... Kb8 18. dxc5 (18. f6 {feels hotter.} Bh6 19. dxc5 f3 20. Bxf3 dxc5 21. Bg2) 18... dxc5 19. Qxf4+ Bd6 20. Qc4 Qxc4 21. dxc4 gxf5 22. Bd5 Rg7 $1 {The position is equal.} 23. f3 h5 {[%cal Rf5g4]} 24. Be6 $36 {[%mdl 2048] White is more active.} fxg4 25. fxg4 Be5 26. Rad1 Bd4+ 27. Kh1 Re8 28. Bf5 hxg4 29. Bxg4 Bxb2 {Accuracy: White = 72%, Black = 67%.} 1/2-1/2

[Event "Israeli Open Championship 2019"]
[Site "Jerusalem"]
[Date "2019.12.20"]
[Round "8.16"]
[White "Tadmor, Maya"]
[Black "Slonimskij, Arkadij"]
[Result "0-1"]
[WhiteElo "1599"]
[BlackElo "2133"]
[Annotator "TA"]
[PlyCount "102"]
[EventDate "2019.12.12"]
[EventType "swiss"]
[EventCountry "ISR"]
[SourceTitle "playchess.com"]
[Source "ChessBase"]
[SourceQuality "1"]

{[%evp 18,102,32,33,22,12,12,8,12,11,8,13,35,14,53,36,44,-34,19,25,23,19,37,-47,-11,-32,-31,-37,-37,-79,36,-37,-5,-6,0,0,0,0,0,0,0,0,0,0,0,-16,0,0,0,0,0,-41,0,-17,0,0,50,-38,-56,-94,-95,-95,-8,-14,-18,-68,-43,-37,-41,-87,-87,-87,-85,-241,-241,-281,-281,-271,-270,-308,-292,-299,-275,-313,-306,-304,-248]} 1. e4 Nf6 2. e5 Nd5 3. d4 d6 4. Nf3 Bg4 5. Be2 c6 6. O-O Bxf3 7. Bxf3 dxe5 8. dxe5 e6 9. Nd2 Nd7 10. Re1 Be7 {B05: Alekhine's Defence: 4 Nf3 Bg4} (10... h6 11. a4 a5 12. g3 Qc7 13. Nc4 N7b6 14. Qd4 Nxc4 15. Qxc4 Rd8 16. c3 Nb6 17. Qe4 Nd7 18. b4 {1-0 (38) Karjakin,S (2727)-Short,N (2655) Kiev 2008}) 11. g3 O-O 12. Bg2 Qc7 {The position is equal.} 13. Nf3 Bc5 $146 ({Predecessor:} 13... Rad8 14. Qe2 b5 15. Bg5 Bxg5 16. Nxg5 h6 {0-1 (53) Videki,S (2430)-Zlatic,M (2396) Paks 2003}) 14. Qe2 Rad8 15. Bg5 Rde8 16. Rad1 b5 17. h4 (17. Bc1 $14) 17... a5 ({Better is} 17... h6 $15 18. Bf4 Nxf4 19. gxf4 Nb6) 18. c4 $11 bxc4 19. Qxc4 Rb8 20. b3 (20. Bc1 $14) 20... Rb4 21. Qc2 a4 22. bxa4 Ra8 23. a5 ({Much weaker is} 23. Bd2 Rbxa4 24. Ra1 h6 $17) 23... Qb7 (23... Qxa5 $17 24. Bd2 Qa4) 24. Rb1 ({White should play} 24. Bd2 $14) 24... Rxa5 25. Bd2 $1 $132 {[%cal Rd2b4][%mdl 2048] White has counterplay} Rxb1 26. Rxb1 Rb5 27. Rxb5 Qxb5 28. Bf1 Qb6 29. Be1 h6 30. Bc4 Qb8 31. Qb3 Qc7 32. Qb2 Ba7 33. Kg2 Bb8 34. Bc3 N7b6 35. Bb3 c5 36. Ba5 {[#] And now Bxd5 would win.} Ba7 37. Bc2 (37. Bxd5 $14 exd5 38. Qb5) 37... Qc6 $15 {...Nc4 is the strong threat.} 38. Qb3 {Black should prevent Qd3.} c4 39. Qa3 Bb8 (39... Nd7 $17 {White must now prevent ...Nxe5!} 40. Ba4 Qb7) 40. Bxb6 $11 Nxb6 41. Qc3 Nd5 42. Qa5 {[#] Qd8+ would kill now.} Bc7 43. Ba4 Bxa5 44. Bxc6 $17 {[%mdl 4096] Endgame KBN-KBN} Nb4 45. Bb5 $2 (45. Ba4 $17) 45... c3 $19 {Strongly threatening ...c2.} 46. Nd4 {intending Ba4.} c2 {Black has a decisive advantage.} ({Less strong is} 46... Nxa2 47. Nc2 $15) 47. Nxc2 Nxc2 48. a4 Nd4 49. Bd7 Kf8 50. f4 Ke7 51. Bc8 Ne2 {Accuracy: White = 40%, Black = 33%.} 0-1